The road

The Road is the profoundly moving story of a journey. It boldly imagines a future in which no hope remains, but in which the father and his son, "each the other's world entire," are sustained by love. Awesome in the totality of its vision, it is an unflinching meditation on the worst...

全面介绍

Đã lưu trong:
书目详细资料
主要作者: McCarthy, Cormac
格式: 图书
语言:Undetermined
出版: New York Alfred A. Knopf 2006
主题:
标签: 添加标签
没有标签, 成为第一个标记此记录!
Thư viện lưu trữ: Trung tâm Học liệu Trường Đại học Cần Thơ
LEADER 00972nam a2200181Ia 4500
001 CTU_226023
008 210402s9999 xx 000 0 und d
082 |a 813.54 
082 |b M478 
100 |a McCarthy, Cormac 
245 4 |a The road 
245 0 |c Cormac McCarthy 
260 |a New York 
260 |b Alfred A. Knopf 
260 |c 2006 
520 |a The Road is the profoundly moving story of a journey. It boldly imagines a future in which no hope remains, but in which the father and his son, "each the other's world entire," are sustained by love. Awesome in the totality of its vision, it is an unflinching meditation on the worst and the best that we are capable of: ultimate destructiveness, desperate tenacity, and the tenderness that keeps two people alive in the face of total devastation. 
650 |a Hồi quy (Nền văn minh),Cha và con trai,Fathers and sons,Regression (Civilization) 
980 |a Trung tâm Học liệu Trường Đại học Cần Thơ